[Event "43. Olimpiada Batumi 2018 Femenina"]
[Site "Batumi GEO"]
[Date "2018.09.27"]
[Round "4.3"]
[White "Shibata, Misaki"]
[Black "Mencos, Claudia"]
[Result "0-1"]
[WhiteElo "1605"]
[BlackElo "1996"]
[PlyCount "76"]
[EventDate "2018.09.24"]
[EventType "team-swiss"]
[EventRounds "11"]
[EventCountry "GEO"]
[SourceTitle "Ajedrez en Madrid"]
[Source "lmi"]
[SourceDate "2018.09.24"]
[WhiteTeam "Japan"]
[BlackTeam "Guatemala"]
[WhiteTeamCountry "JPN"]
[BlackTeamCountry "GUA"]

1. d4 d5 2. c4 c6 3. Nc3 dxc4 4. e3 Bf5 5. Bxc4 e6 6. Nf3 Nf6 7. O-O Nbd7 8.
Re1 Bg6 9. a3 Be7 10. e4 Nb6 11. Bf1 O-O 12. b4 a5 13. bxa5 Rxa5 14. Bb2 Qc7
15. Qb3 Rfa8 16. Bd3 Qd8 17. Nb1 Na4 18. Bc3 Nxc3 19. Qxc3 R5a7 20. Bc2 Qf8 21.
Qb2 Nd7 22. a4 b5 23. Nc3 b4 24. Na2 Nb6 25. Nc1 Nxa4 26. Bxa4 Rxa4 27. Nb3
Rxa1 28. Nxa1 Qb8 29. Nb3 Qc8 30. Ne5 Ra3 31. f3 c5 32. Nxc5 Bxc5 33. Nxg6 hxg6
34. dxc5 Qxc5+ 35. Kf1 Rc3 36. Qf2 Qc4+ 37. Qe2 Qc7 38. Rd1 Qxh2 0-1

[Event "43. Olimpiada Batumi 2018 Femenina"]
[Site "Batumi GEO"]
[Date "2018.09.27"]
[Round "4.4"]
[White "Mazariegos, Silvia Carolina"]
[Black "Hoshino, Meilin"]
[Result "1-0"]
[WhiteElo "1922"]
[BlackElo "1533"]
[PlyCount "67"]
[EventDate "2018.09.24"]
[EventType "team-swiss"]
[EventRounds "11"]
[EventCountry "GEO"]
[SourceTitle "Ajedrez en Madrid"]
[Source "lmi"]
[SourceDate "2018.09.24"]
[WhiteTeam "Guatemala"]
[BlackTeam "Japan"]
[WhiteTeamCountry "GUA"]
[BlackTeamCountry "JPN"]

1. d4 d5 2. e3 Nf6 3. Bd3 Bg4 4. Nf3 e6 5. Nbd2 Be7 6. c3 Nbd7 7. Qb3 Rb8 8.
Qa4 a6 9. Ne5 Ra8 10. f4 Bh5 11. O-O Bg6 12. Qc2 Nxe5 13. fxe5 Nd7 14. e4 c5
15. exd5 Bxd3 16. Qxd3 exd5 17. Qf3 O-O 18. Qxd5 cxd4 19. cxd4 b5 20. Nf3 Qc8
21. Qe4 Re8 22. Bg5 Bf8 23. Rac1 Qb8 24. Bf4 Qa7 25. Be3 Nf6 26. Qd3 Nd5 27.
Ng5 g6 28. Rxf7 Re7 29. Qb3 Qb7 30. Rf3 Kh8 31. Rcf1 Bg7 32. Nf7+ Kg8 33. Nd6
Qc6 34. Rc1 1-0

[Event "43. Olimpiada Batumi 2018 Femenina"]
[Site "Batumi GEO"]
[Date "2018.09.27"]
[Round "4.1"]
[White "Gomez Barrera, Javiera Belen"]
[Black "Perez Rodriguez, Jennifer"]
[Result "0-1"]
[WhiteElo "2035"]
[BlackElo "2159"]
[PlyCount "106"]
[EventDate "2018.09.24"]
[EventType "team-swiss"]
[EventRounds "11"]
[EventCountry "GEO"]
[SourceTitle "Ajedrez en Madrid"]
[Source "lmi"]
[SourceDate "2018.09.24"]
[WhiteTeam "Chile"]
[BlackTeam "Paraguay"]
[WhiteTeamCountry "CHI"]
[BlackTeamCountry "PAR"]

1. e4 e5 2. Nf3 Nc6 3. Bc4 Bc5 4. d3 Nf6 5. c3 d6 6. O-O a6 7. Bb3 Ba7 8. Re1
h6 9. Be3 O-O 10. h3 Ne7 11. Nbd2 Ng6 12. Nf1 Be6 13. Bc2 Bxe3 14. Nxe3 c6 15.
d4 Qc7 16. Nf5 Rad8 17. Qc1 Rfe8 18. dxe5 dxe5 19. Ng3 Qb6 20. b3 Qc5 21. Qe3
Nd7 22. Nf5 Qxe3 23. Nxe3 f6 24. Rad1 Nf4 25. Rd2 Kf8 26. Red1 Ke7 27. b4 Nf8
28. Bb3 Rxd2 29. Rxd2 Rd8 30. Rxd8 Kxd8 31. Bxe6 N8xe6 32. Kf1 Kc7 33. a4 a5
34. h4 axb4 35. cxb4 Nd3 36. Nc2 c5 37. b5 Kb6 38. Nd2 Nb2 39. Nb1 Nxa4 40.
Nca3 Nd4 41. Nd2 Nxb5 42. Ndc4+ Ka6 43. Nxb5 Kxb5 44. Nd6+ Kc6 45. Ne8 b5 46.
Nxg7 b4 47. Ke2 c4 48. Nf5 b3 49. Kd1 c3 50. Ng3 Nb2+ 51. Ke2 Kc5 52. f3 Kb4
53. h5 Ka3 0-1

[Event "43. Olimpiada Batumi 2018 Femenina"]
[Site "Batumi GEO"]
[Date "2018.09.27"]
[Round "4.2"]
[White "Avalos, Leticia"]
[Black "Abarca Gonzalez, Damaris"]
[Result "1-0"]
[WhiteElo "1704"]
[BlackElo "2037"]
[PlyCount "63"]
[EventDate "2018.09.24"]
[EventType "team-swiss"]
[EventRounds "11"]
[EventCountry "GEO"]
[SourceTitle "Ajedrez en Madrid"]
[Source "lmi"]
[SourceDate "2018.09.24"]
[WhiteTeam "Paraguay"]
[BlackTeam "Chile"]
[WhiteTeamCountry "PAR"]
[BlackTeamCountry "CHI"]

1. d4 d5 2. c4 c6 3. Nc3 Nf6 4. Nf3 dxc4 5. e3 b5 6. a4 b4 7. Na2 e6 8. Bxc4 a5
9. O-O Be7 10. b3 O-O 11. Bb2 Ba6 12. Qe2 Qb6 13. Nc1 Nbd7 14. Nd2 c5 15. Nd3
Bb7 16. Bb5 Rac8 17. Rac1 cxd4 18. Bxd4 Qd8 19. Nc4 Nc5 20. Nxc5 Bxc5 21. Nxa5
Bxd4 22. Nxb7 Qb6 23. Rxc8 Rxc8 24. exd4 Qxb7 25. Ba6 Qb8 26. Bxc8 Qxc8 27. Qc4
Qb7 28. Rc1 Kf8 29. Qc8+ Qxc8 30. Rxc8+ Ke7 31. a5 Kd7 32. Rc4 1-0

[Event "43. Olimpiada Batumi 2018 Femenina"]
[Site "Batumi GEO"]
[Date "2018.09.27"]
[Round "4.3"]
[White "Morales Flores, Monserrat"]
[Black "Martinez Ramirez, Anahi"]
[Result "1-0"]
[WhiteElo "1935"]
[BlackElo "1510"]
[PlyCount "61"]
[EventDate "2018.09.24"]
[EventType "team-swiss"]
[EventRounds "11"]
[EventCountry "GEO"]
[SourceTitle "Ajedrez en Madrid"]
[Source "lmi"]
[SourceDate "2018.09.24"]
[WhiteTeam "Chile"]
[BlackTeam "Paraguay"]
[WhiteTeamCountry "CHI"]
[BlackTeamCountry "PAR"]

1. e4 e6 2. d4 d5 3. Nc3 Nf6 4. Bd3 c5 5. Nf3 Nc6 6. exd5 exd5 7. Qe2+ Qe7 8.
dxc5 Qxe2+ 9. Kxe2 Bg4 10. Nb5 O-O-O 11. h3 Be6 12. Be3 a6 13. Nbd4 Nxd4+ 14.
Nxd4 Bd7 15. b4 Ne4 16. c4 Nf6 17. Rac1 Kb8 18. Rb1 Rc8 19. Rhc1 Be7 20. Bf5
Rhd8 21. Bxd7 Rxd7 22. b5 axb5 23. cxb5 Ka8 24. c6 bxc6 25. Nxc6 Ba3 26. Rc3
Bf8 27. Rbc1 Ne4 28. Rd3 Kb7 29. a4 Be7 30. a5 Ka8 31. a6 1-0

[Event "43. Olimpiada Batumi 2018 Femenina"]
[Site "Batumi GEO"]
[Date "2018.09.27"]
[Round "4.4"]
[White "Carreras Colman, Luz Gabriela"]
[Black "Pinilla Delgado, Sofia Ignacia"]
[Result "0-1"]
[WhiteElo "1397"]
[BlackElo "1710"]
[PlyCount "68"]
[EventDate "2018.09.24"]
[EventType "team-swiss"]
[EventRounds "11"]
[EventCountry "GEO"]
[SourceTitle "Ajedrez en Madrid"]
[Source "lmi"]
[SourceDate "2018.09.24"]
[WhiteTeam "Paraguay"]
[BlackTeam "Chile"]
[WhiteTeamCountry "PAR"]
[BlackTeamCountry "CHI"]

1. d4 d5 2. Nf3 Nf6 3. Bf4 c5 4. e3 Nc6 5. c3 Qb6 6. Qb3 c4 7. Qxb6 axb6 8.
Nbd2 b5 9. Be2 Bf5 10. h3 h6 11. O-O b4 12. Rfc1 e6 13. b3 bxc3 14. Rxc3 Bb4
15. Rcc1 Ba3 16. Rf1 c3 17. Nb1 Bb2 18. Nxc3 Bxc3 19. Rac1 Bb2 20. Rc5 Ne4 21.
Rc2 Ba3 22. g4 Bh7 23. Rxc6 bxc6 24. Ne5 Nc3 25. Bf3 Rc8 26. Bh1 Ne2+ 27. Kh2
Nxf4 28. exf4 c5 29. dxc5 Rxc5 30. Rd1 Rc2 31. Kg3 Ke7 32. Rd4 Bc5 33. Ra4
Bxf2+ 34. Kf3 Be4+ 0-1

[Event "43. Olimpiada Batumi 2018 Femenina"]
[Site "Batumi GEO"]
[Date "2018.09.27"]
[Round "4.1"]
[White "Francis, Onkemetse"]
[Black "Jose Polanco, Kenia"]
[Result "1/2-1/2"]
[WhiteElo "1779"]
[BlackElo "1872"]
[PlyCount "74"]
[EventDate "2018.09.24"]
[EventType "team-swiss"]
[EventRounds "11"]
[EventCountry "GEO"]
[SourceTitle "Ajedrez en Madrid"]
[Source "lmi"]
[SourceDate "2018.09.24"]
[WhiteTeam "Botswana"]
[BlackTeam "Monaco"]
[WhiteTeamCountry "BOT"]
[BlackTeamCountry "MNC"]

1. e4 c5 2. Nc3 g6 3. g3 Bg7 4. Bg2 Nc6 5. d3 Rb8 6. Be3 b5 7. Qd2 b4 8. Nd1 d6
9. Ne2 e6 10. O-O Nd4 11. c3 Nxe2+ 12. Qxe2 Qa5 13. Qd2 Ba6 14. Re1 e5 15. c4
Ne7 16. f4 Rd8 17. Nf2 Qc7 18. Qd1 Bc8 19. Rf1 exf4 20. Bxf4 Bxb2 21. Rb1 Bg7
22. Qd2 O-O 23. Bh6 Nc6 24. Nd1 Nd4 25. Bxg7 Kxg7 26. Ne3 Qe7 27. Nd5 Qe5 28.
Rf2 f5 29. Re1 Rde8 30. Nc7 Re7 31. Nd5 Ree8 32. Nc7 Re7 33. Nd5 Ree8 34. Nc7
Re7 35. Nd5 Ree8 36. Nc7 Re7 37. Nd5 Ree8 1/2-1/2

[Event "43. Olimpiada Batumi 2018 Femenina"]
[Site "Batumi GEO"]
[Date "2018.09.27"]
[Round "4.2"]
[White "Berezovska, Svetlana"]
[Black "Botlhole, Kgalalelo"]
[Result "0-1"]
[WhiteElo "1812"]
[BlackElo "1719"]
[PlyCount "72"]
[EventDate "2018.09.24"]
[EventType "team-swiss"]
[EventRounds "11"]
[EventCountry "GEO"]
[SourceTitle "Ajedrez en Madrid"]
[Source "lmi"]
[SourceDate "2018.09.24"]
[WhiteTeam "Monaco"]
[BlackTeam "Botswana"]
[WhiteTeamCountry "MNC"]
[BlackTeamCountry "BOT"]

1. e4 e5 2. Nf3 Nc6 3. Bc4 Bc5 4. d3 Nf6 5. c3 d6 6. O-O O-O 7. b4 Bb6 8. a4 a5
9. b5 Ne7 10. Bg5 Ng6 11. Na3 h6 12. Be3 Bxe3 13. fxe3 d5 14. exd5 Nxd5 15. Qe1
Be6 16. Nc2 Qe7 17. Bxd5 Bxd5 18. c4 Be6 19. Nd2 Qg5 20. Ne4 Qe7 21. Qg3 Rad8
22. Rad1 Kh7 23. Kh1 f5 24. Nc3 f4 25. exf4 exf4 26. Qf3 b6 27. Rfe1 Qf7 28.
Re4 Bf5 29. Rd4 Rxd4 30. Nxd4 Qd7 31. Nxf5 Qxf5 32. Nd5 Nh4 33. Qe4 Qxe4 34.
dxe4 Re8 35. Re1 f3 36. gxf3 Nxf3 0-1

[Event "43. Olimpiada Batumi 2018 Femenina"]
[Site "Batumi GEO"]
[Date "2018.09.27"]
[Round "4.3"]
[White "Besa, Masaiti"]
[Black "Lebel-Arias, Julia"]
[Result "1/2-1/2"]
[WhiteElo "1777"]
[BlackElo "1724"]
[PlyCount "134"]
[EventDate "2018.09.24"]
[EventType "team-swiss"]
[EventRounds "11"]
[EventCountry "GEO"]
[SourceTitle "Ajedrez en Madrid"]
[Source "lmi"]
[SourceDate "2018.09.24"]
[WhiteTeam "Botswana"]
[BlackTeam "Monaco"]
[WhiteTeamCountry "BOT"]
[BlackTeamCountry "MNC"]

1. d4 g6 2. Bf4 Bg7 3. e3 d6 4. Nf3 c6 5. Nbd2 Nd7 6. Be2 Ngf6 7. c3 O-O 8. h3
c5 9. O-O b6 10. Re1 Bb7 11. Qc2 Qc7 12. Bd3 Rac8 13. Rac1 Qb8 14. Qd1 Qa8 15.
Bh2 a6 16. Qe2 b5 17. e4 cxd4 18. cxd4 Rxc1 19. Rxc1 Rc8 20. Rc2 Rxc2 21. Bxc2
Qc8 22. Qd3 Bh6 23. g4 Ne8 24. Qc3 Qa8 25. Bd3 Bg7 26. Qc2 e6 27. Kf1 Nb6 28.
b3 Qc8 29. Ke2 Qxc2 30. Bxc2 f6 31. Kd3 e5 32. Nb1 g5 33. dxe5 dxe5 34. Kc3 Bf8
35. Ne1 b4+ 36. Kd2 a5 37. f3 Bc5 38. Bg3 Nd6 39. Nd3 Bd4 40. a4 Ba6 41. h4 h6
42. hxg5 hxg5 43. Ne1 Nd7 44. Bd3 Nc5 45. Bxa6 Nxa6 46. Nd3 Nc5 47. Nxc5 Bxc5
48. Kd3 Kf7 49. Nd2 Ke6 50. Nc4 Nb7 51. Ke2 Kd7 52. Bf2 Bd4 53. Bxd4 exd4 54.
Kd3 Nc5+ 55. Kxd4 Nxb3+ 56. Kd5 Ke7 57. e5 fxe5 58. Kxe5 Kf7 59. Kf5 Nd4+ 60.
Kxg5 Nxf3+ 61. Kf4 Nd4 62. Nxa5 Ne2+ 63. Ke3 Nc3 64. Nb3 Nxa4 65. Kd4 Nb6 66.
Kc5 Nd7+ 67. Kxb4 Ne5 1/2-1/2

[Event "43. Olimpiada Batumi 2018 Femenina"]
[Site "Batumi GEO"]
[Date "2018.09.27"]
[Round "4.4"]
[White "Berezovsky, Fiorina"]
[Black "Radikoro, Boitumelo"]
[Result "1-0"]
[WhiteElo "1526"]
[BlackElo "1593"]
[PlyCount "57"]
[EventDate "2018.09.24"]
[EventType "team-swiss"]
[EventRounds "11"]
[EventCountry "GEO"]
[SourceTitle "Ajedrez en Madrid"]
[Source "lmi"]
[SourceDate "2018.09.24"]
[WhiteTeam "Monaco"]
[BlackTeam "Botswana"]
[WhiteTeamCountry "MNC"]
[BlackTeamCountry "BOT"]

1. e4 c6 2. d4 d5 3. exd5 cxd5 4. c4 Nf6 5. Nf3 Bg4 6. Be3 Nbd7 7. Nc3 e6 8. h3
Bh5 9. cxd5 Nxd5 10. Nxd5 exd5 11. a3 a6 12. Bd3 Be7 13. O-O Rc8 14. Re1 O-O
15. b4 Nb6 16. g4 Bg6 17. Ne5 Bxd3 18. Qxd3 Bf6 19. f4 h6 20. Rac1 Re8 21. Bf2
Bh4 22. Bxh4 Qxh4 23. Kg2 Qf6 24. Kg3 Qd6 25. Qf5 Qe6 26. Qd3 Qd6 27. h4 Re7
28. g5 h5 29. Qf5 1-0

[Event "43. Olimpiada Batumi 2018 Femenina"]
[Site "Batumi GEO"]
[Date "2018.09.27"]
[Round "4.1"]
[White "Aseel, Odeh"]
[Black "Varona-Thomas, Maria"]
[Result "1-0"]
[WhiteElo "1647"]
[BlackElo "1739"]
[PlyCount "110"]
[EventDate "2018.09.24"]
[EventType "team-swiss"]
[EventRounds "11"]
[EventCountry "GEO"]
[SourceTitle "Ajedrez en Madrid"]
[Source "lmi"]
[SourceDate "2018.09.24"]
[WhiteTeam "Jordan"]
[BlackTeam "Guyana"]
[WhiteTeamCountry "JOR"]
[BlackTeamCountry "GUY"]

1. e4 c5 2. g3 d6 3. Bg2 Nf6 4. d3 g6 5. Nf3 Bg7 6. Nc3 Nc6 7. O-O O-O 8. h3
Bd7 9. Be3 a6 10. Qd2 Re8 11. Bh6 Bh8 12. Nh4 Qc8 13. Kh2 Ne5 14. Nd5 Nxd5 15.
exd5 f5 16. Nf3 Nxf3+ 17. Bxf3 b5 18. Rae1 b4 19. c3 Rb8 20. c4 Bf6 21. Re2 a5
22. Rfe1 a4 23. Bg5 Qa6 24. Bxf6 exf6 25. Re7 Rxe7 26. Rxe7 Be8 27. g4 Bf7 28.
gxf5 Rb7 29. Qe3 Qa7 30. Rxb7 Qxb7 31. fxg6 hxg6 32. Bg4 f5 33. Bf3 Qa7 34. Qg5
Kh7 35. Qd8 Qa6 36. Qf6 Kg8 37. Qd8+ Kg7 38. h4 b3 39. a3 Qa7 40. Qxd6 Qa5 41.
Qe5+ Kg8 42. Qe3 Qc7+ 43. Kg2 Qd6 44. h5 gxh5 45. Qg5+ Kf8 46. Qxf5 Qh6 47. d6
Qxd6 48. Bxh5 Qc6+ 49. Kg1 Qc7 50. Qxf7+ Qxf7 51. Bxf7 Kxf7 52. Kg2 Kf6 53. Kg3
Ke5 54. Kf3 Kd4 55. Ke2 Ke5 1-0

[Event "43. Olimpiada Batumi 2018 Femenina"]
[Site "Batumi GEO"]
[Date "2018.09.27"]
[Round "4.2"]
[White "Ali, Sheriffa"]
[Black "Raya, Alnaimat"]
[Result "0-1"]
[WhiteElo "1365"]
[BlackElo "1676"]
[PlyCount "150"]
[EventDate "2018.09.24"]
[EventType "team-swiss"]
[EventRounds "11"]
[EventCountry "GEO"]
[SourceTitle "Ajedrez en Madrid"]
[Source "lmi"]
[SourceDate "2018.09.24"]
[WhiteTeam "Guyana"]
[BlackTeam "Jordan"]
[WhiteTeamCountry "GUY"]
[BlackTeamCountry "JOR"]

1. e4 d6 2. d4 Nf6 3. Nc3 g6 4. g3 Bg7 5. Bg2 O-O 6. h3 Nbd7 7. Nf3 e5 8. dxe5
dxe5 9. O-O c6 10. Nd2 Nh5 11. Nc4 Qe7 12. Qd6 Bf6 13. Qxe7 Bxe7 14. Be3 f6 15.
Rad1 b6 16. Nd6 Ba6 17. Rfe1 Rfd8 18. Rd2 Nf8 19. Red1 Ng7 20. Bf1 Bxf1 21.
Kxf1 Nge6 22. Nc4 Rxd2 23. Rxd2 Rd8 24. Rxd8 Nxd8 25. Ke2 Nfe6 26. a3 Nd4+ 27.
Bxd4 exd4 28. Nd1 Ne6 29. Kd3 c5 30. a4 g5 31. f3 h5 32. c3 h4 33. gxh4 gxh4
34. Nf2 Nf4+ 35. Kd2 Kf7 36. b3 Ke6 37. Kc2 Ne2 38. Nd1 dxc3 39. Nxc3 Nd4+ 40.
Kb2 Nxf3 41. a5 Bd8 42. axb6 axb6 43. Na4 Ng5 44. Ncxb6 Bxb6 45. Nxb6 Nxh3 46.
Nc4 Nf2 47. Nd2 h3 48. Nf3 Nxe4 49. Kc2 Ng5 50. Nh2 f5 51. Kd2 Ke5 52. Ke2 Kd4
53. Kf2 f4 54. Nf1 Kc3 55. Ke2 Kxb3 56. Nd2+ Kc3 57. Nf1 f3+ 58. Ke3 c4 59. Kf4
Kd3 60. Kxg5 c3 61. Kf4 c2 62. Kxf3 c1=Q 63. Kf2 Qc2+ 64. Kf3 Qg2+ 65. Kf4
Qxf1+ 66. Ke5 h2 67. Ke6 h1=R 68. Ke5 Qa1+ 69. Kf5 Rh4 70. Ke6 Qa6+ 71. Ke5
Qa5+ 72. Kf6 Rb4 73. Ke6 Rb6+ 74. Kd7 Qa7+ 75. Kc8 Rb8# 0-1

[Event "43. Olimpiada Batumi 2018 Femenina"]
[Site "Batumi GEO"]
[Date "2018.09.27"]
[Round "4.3"]
[White "Razan, Alshaeby"]
[Black "Johnson, Nellisha"]
[Result "1-0"]
[WhiteElo "1712"]
[BlackElo "1123"]
[PlyCount "85"]
[EventDate "2018.09.24"]
[EventType "team-swiss"]
[EventRounds "11"]
[EventCountry "GEO"]
[SourceTitle "Ajedrez en Madrid"]
[Source "lmi"]
[SourceDate "2018.09.24"]
[WhiteTeam "Jordan"]
[BlackTeam "Guyana"]
[WhiteTeamCountry "JOR"]
[BlackTeamCountry "GUY"]

1. e4 e5 2. d4 Nc6 3. dxe5 Nxe5 4. f4 Nc6 5. Nf3 Bc5 6. Bc4 h6 7. Bxf7+ Kxf7 8.
Qd5+ Ke8 9. Qxc5 d6 10. Qh5+ Kf8 11. Nc3 Nf6 12. Qb5 a6 13. Qe2 Bd7 14. Bd2 b5
15. e5 dxe5 16. fxe5 Qe7 17. exf6 Qxe2+ 18. Nxe2 gxf6 19. O-O-O Rd8 20. Rhf1 f5
21. Ned4 Ne7 22. Bb4 Ke8 23. Rfe1 Rh7 24. Bxe7 Rxe7 25. Rxe7+ Kxe7 26. Ne5 Kf6
27. Nxd7+ Rxd7 28. Nf3 Rg7 29. g3 Rg4 30. Rd7 Rc4 31. Kd2 Ke6 32. Rh7 Kd5 33.
Rxh6 a5 34. Rg6 a4 35. h4 Re4 36. h5 Re7 37. h6 Ke4 38. Ng5+ Ke5 39. h7 Rxh7
40. Nxh7 Ke4 41. Ng5+ Ke5 42. Ke3 Kd5 43. Nf7 1-0

[Event "43. Olimpiada Batumi 2018 Femenina"]
[Site "Batumi GEO"]
[Date "2018.09.27"]
[Round "4.1"]
[White "Castillo Pena, Patricia Evarista"]
[Black "Magne, Kouokam Sylviane"]
[Result "1-0"]
[WhiteElo "1810"]
[BlackElo "1308"]
[PlyCount "119"]
[EventDate "2018.09.24"]
[EventType "team-swiss"]
[EventRounds "11"]
[EventCountry "GEO"]
[SourceTitle "Ajedrez en Madrid"]
[Source "lmi"]
[SourceDate "2018.09.24"]
[WhiteTeam "Dominican Republic"]
[BlackTeam "Cameroon"]
[WhiteTeamCountry "DOM"]
[BlackTeamCountry "CAM"]

1. e4 d5 2. exd5 Qxd5 3. Nc3 Qd6 4. d4 g6 5. Nf3 Bg7 6. Be3 Nf6 7. h3 b6 8. Qd2
O-O 9. O-O-O Nc6 10. Bf4 Qd8 11. Nb5 Ne4 12. Qe3 f5 13. Bc4+ Kh8 14. Bh6 a6 15.
Bxg7+ Kxg7 16. Nc3 Na5 17. Be2 Bb7 18. h4 f4 19. Qd3 Nxf2 20. Qd2 Nxh1 21. Rxh1
Qd6 22. h5 Rf6 23. Rh4 Raf8 24. Ng5 h6 25. Nge4 Bxe4 26. Nxe4 Qe6 27. Nxf6 Qxf6
28. Rg4 g5 29. d5 b5 30. Qxa5 Qd4 31. Qc3 Qxc3 32. bxc3 Kf6 33. g3 Ke5 34.
gxf4+ Rxf4 35. Rxf4 Kxf4 36. Kd2 g4 37. Kd3 Kg5 38. Ke4 g3 39. Kf3 Kxh5 40.
Kxg3+ Kg5 41. Kf3 Kf5 42. c4 b4 43. Bd3+ Kg5 44. Ke4 h5 45. Ke5 h4 46. Bf1 a5
47. Ke6 Kf4 48. Kxe7 Ke3 49. c5 Kd2 50. d6 cxd6 51. cxd6 Kxc2 52. d7 a4 53.
d8=Q b3 54. Qd3+ Kb2 55. axb3 axb3 56. Qd4+ Ka3 57. Qc3 Ka2 58. Bc4 Kb1 59.
Bxb3 h3 60. Qc2+ 1-0

[Event "43. Olimpiada Batumi 2018 Femenina"]
[Site "Batumi GEO"]
[Date "2018.09.27"]
[Round "4.1"]
[White "Tan, Li Ting"]
[Black "Nabaa, Sami Abbas Al-Attra"]
[Result "1-0"]
[WhiteElo "2054"]
[BlackElo "1831"]
[PlyCount "101"]
[EventDate "2018.09.24"]
[EventType "team-swiss"]
[EventRounds "11"]
[EventCountry "GEO"]
[SourceTitle "Ajedrez en Madrid"]
[Source "lmi"]
[SourceDate "2018.09.24"]
[WhiteTeam "Malaysia"]
[BlackTeam "Iraq"]
[WhiteTeamCountry "MAS"]
[BlackTeamCountry "IRQ"]

1. d4 d5 2. c4 e6 3. Nf3 Nf6 4. g3 dxc4 5. Bg2 a6 6. a4 Nc6 7. O-O Be7 8. e3
O-O 9. Nbd2 Na5 10. Qc2 c5 11. Nxc4 cxd4 12. Nxa5 Qxa5 13. Nxd4 Rb8 14. Bd2 Qc5
15. Qb3 e5 16. Nc6 Be6 17. Nxe7+ Qxe7 18. Qb4 Rfe8 19. Rfd1 Bd5 20. Qxe7 Rxe7
21. Bb4 Rd7 22. Bh3 Be6 23. Bxe6 fxe6 24. Rxd7 Nxd7 25. Rc1 Nb6 26. Bd6 Rc8 27.
Rxc8+ Nxc8 28. Bxe5 Nb6 29. b3 Nd7 30. Bd6 Kf7 31. e4 e5 32. f3 Ke6 33. Bb4 Nb8
34. Kf2 Nc6 35. Bc3 g6 36. Ke3 b5 37. axb5 axb5 38. b4 Ne7 39. f4 exf4+ 40.
gxf4 Nc6 41. Kf3 h5 42. Ke3 h4 43. Kf3 Nd8 44. Kg4 Nf7 45. f5+ gxf5+ 46. exf5+
Kd5 47. Kxh4 Ke4 48. f6 Kf5 49. Kh5 Nd8 50. Kh6 Ne6 51. f7 1-0

[Event "43. Olimpiada Batumi 2018 Femenina"]
[Site "Batumi GEO"]
[Date "2018.09.27"]
[Round "4.2"]
[White "A-Ali, Sali Abbas Abdulzah"]
[Black "Bakri, Alia Anin Azwa"]
[Result "1-0"]
[WhiteElo "1848"]
[BlackElo "2005"]
[PlyCount "121"]
[EventDate "2018.09.24"]
[EventType "team-swiss"]
[EventRounds "11"]
[EventCountry "GEO"]
[SourceTitle "Ajedrez en Madrid"]
[Source "lmi"]
[SourceDate "2018.09.24"]
[WhiteTeam "Iraq"]
[BlackTeam "Malaysia"]
[WhiteTeamCountry "IRQ"]
[BlackTeamCountry "MAS"]

1. e4 e6 2. d4 d5 3. exd5 exd5 4. Bd3 Bd6 5. Ne2 Nf6 6. O-O O-O 7. f3 Nh5 8.
Qe1 Re8 9. Qf2 Nc6 10. c3 Nf6 11. Bg5 h6 12. Bh4 Qe7 13. Na3 Qe3 14. Rad1 Qxf2+
15. Kxf2 g5 16. Bg3 Bxg3+ 17. Nxg3 a6 18. Rfe1 Bd7 19. Nc2 Ne7 20. Ne3 Ng6 21.
Ngf5 h5 22. g3 Kf8 23. Rc1 Ne7 24. b3 Nxf5 25. Nxf5 Rxe1 26. Rxe1 Re8 27. Re5
Rxe5 28. dxe5 Ne8 29. f4 f6 30. Ne3 c6 31. Nf5 gxf4 32. gxf4 fxe5 33. fxe5 a5
34. Kg3 Kf7 35. Kh4 Ke6 36. Nd6 Nxd6 37. exd6 Be8 38. Be2 Kxd6 39. Bxh5 Bd7 40.
Bg4 Be8 41. Kg5 d4 42. cxd4 Kd5 43. h4 Kxd4 44. Bh5 Bd7 45. Bf7 Ke5 46. h5 Bf5
47. h6 Bh7 48. Bg6 Bg8 49. Bb1 Kd4 50. Kg6 Kc3 51. Kg7 Kb2 52. Be4 Bd5 53. Bxd5
cxd5 54. h7 Kxa2 55. h8=Q b5 56. Kf6 Kxb3 57. Ke5 b4 58. Kxd5 a4 59. Qh3+ Kb2
60. Kc4 a3 61. Qg2+ 1-0

[Event "43. Olimpiada Batumi 2018 Femenina"]
[Site "Batumi GEO"]
[Date "2018.09.27"]
[Round "4.3"]
[White "Azhar, Puteri Munajjah Az-"]
[Black "Al-Fayyadh, Yamama Asif Abdula"]
[Result "1-0"]
[WhiteElo "1869"]
[BlackElo "1604"]
[PlyCount "117"]
[EventDate "2018.09.24"]
[EventType "team-swiss"]
[EventRounds "11"]
[EventCountry "GEO"]
[SourceTitle "Ajedrez en Madrid"]
[Source "lmi"]
[SourceDate "2018.09.24"]
[WhiteTeam "Malaysia"]
[BlackTeam "Iraq"]
[WhiteTeamCountry "MAS"]
[BlackTeamCountry "IRQ"]

1. Nf3 d5 2. g3 Nf6 3. Bg2 e6 4. O-O Be7 5. d3 O-O 6. Nbd2 c5 7. c3 Nc6 8. Re1
b6 9. e4 Bb7 10. e5 Nd7 11. Nf1 b5 12. h4 a5 13. a4 b4 14. Bf4 Nb6 15. N1h2 c4
16. Ng5 h6 17. Nh3 cxd3 18. Qxd3 bxc3 19. bxc3 Re8 20. h5 Ba6 21. Qf3 Bf8 22.
Ng4 Ne7 23. Ne3 Nc4 24. Nc2 Nc6 25. Bf1 Bc5 26. Bd3 Nb2 27. Bxa6 Rxa6 28. Kh2
Nc4 29. Re2 Qb6 30. g4 N6xe5 31. Rxe5 Nxe5 32. Bxe5 f6 33. Bg3 Qb2 34. Qd3 Rb6
35. Re1 Rb3 36. Qg6 Re7 37. Nf4 Qxc3 38. Rxe6 Rbb7 39. Nxd5 Qc4 40. Nxe7+ Bxe7
41. Qe4 Qb3 42. Rxe7 Rxe7 43. Qxe7 Qxc2 44. Qe8+ Kh7 45. Qg6+ Qxg6 46. hxg6+
Kxg6 47. Bc7 Kf7 48. Bxa5 Ke6 49. Bc3 Kd5 50. a5 Kc6 51. Kg3 Kb5 52. Kf4 g6 53.
Bxf6 Kxa5 54. Bg7 h5 55. gxh5 gxh5 56. Kg5 Kb6 57. Kxh5 Kc6 58. f4 Kd6 59. Kg6
1-0

[Event "43. Olimpiada Batumi 2018 Femenina"]
[Site "Batumi GEO"]
[Date "2018.09.27"]
[Round "4.4"]
[White "Al-Fayyadh, Zainab Asif Abdulah"]
[Black "Nithyalakshmi, Sivanesan"]
[Result "0-1"]
[WhiteElo "1705"]
[BlackElo "1866"]
[PlyCount "88"]
[EventDate "2018.09.24"]
[EventType "team-swiss"]
[EventRounds "11"]
[EventCountry "GEO"]
[SourceTitle "Ajedrez en Madrid"]
[Source "lmi"]
[SourceDate "2018.09.24"]
[WhiteTeam "Iraq"]
[BlackTeam "Malaysia"]
[WhiteTeamCountry "IRQ"]
[BlackTeamCountry "MAS"]

1. e4 d6 2. d4 g6 3. Nf3 Bg7 4. Bd3 Nf6 5. O-O O-O 6. h3 a6 7. c3 Nc6 8. Bf4
Nh5 9. Be3 e5 10. Qd2 b5 11. Na3 Bd7 12. Rac1 f5 13. Bh6 f4 14. Bxg7 Nxg7 15.
Be2 Qe7 16. Rfd1 Rad8 17. dxe5 dxe5 18. Qd5+ Kh8 19. Qb3 Be6 20. c4 g5 21. Rxd8
Rxd8 22. Rd1 h5 23. Rxd8+ Qxd8 24. Qd3 Qxd3 25. Bxd3 b4 26. Nc2 g4 27. hxg4
hxg4 28. Ng5 Bg8 29. Be2 a5 30. b3 Ne6 31. Nxe6 Bxe6 32. Kf1 Kg7 33. Ne1 Nd4
34. Nd3 Kf6 35. Nc5 Bc8 36. Bd1 Ke7 37. f3 g3 38. Na4 Kd6 39. Nb2 Ne6 40. Nd3
Nc5 41. Ke2 Nxd3 42. Kxd3 Bh3 43. Ke2 Bxg2 44. Ke1 Kc5 0-1